[Event "4NCL 2011-12"]
[Site "Hinckley ENG"]
[Date "2012.01.14"]
[Round "3.24"]
[White "Munson, Shaun D"]
[Black "Zhou, Yang-Fan"]
[Result "0-1"]
[BlackTitle "IM"]
[WhiteElo "2201"]
[BlackElo "2436"]
[WhiteTeam "Anglian Avengers"]
[BlackTeam "Guildford"]
[WhiteFideId "412511"]
[BlackFideId "468584"]
[EventDate "2011.11.12"]

1. d4 Nf6 2. Nc3 d5 3. Bg5 Nbd7 4. e3 e6 5. Qf3 Bb4 6. Ne2 h6 7. Bf4 c6 8. O-O-O
b5 9. g4 Be7 10. h4 b4 11. Nb1 Qa5 12. g5 Ne4 13. gxh6 gxh6 14. Ng3 Nxg3 15.
Qxg3 Qxa2 16. Be2 Ba6 17. Bxa6 Qxa6 18. e4 Nf6 19. exd5 Nh5 20. Qf3 Nxf4 21.
Qxf4 cxd5 22. Rd2 Qd6 23. Qf3 a5 24. c4 Qa6 25. Rc2 dxc4 26. d5 Qb7 27. Rd1 Rd8
28. Rxc4 Rxd5 29. Rxd5 Qxd5 30. Rc8+ Bd8 31. Qf6 O-O 32. Qxh6 Bg5+ 33. Qxg5+
Qxg5+ 34. hxg5 Rxc8+ 35. Kd2 Kg7 36. f4 Kg6 37. Kd3 Kf5 38. Nd2 Rd8+ 0-1

[Event "4NCL 2011-12"]
[Site "Hinckley ENG"]
[Date "2012.01.14"]
[Round "3.25"]
[White "Kosten, Anthony C."]
[Black "Talsma, Paul"]
[Result "1-0"]
[WhiteTitle "GM"]
[WhiteElo "2498"]
[BlackElo "2246"]
[WhiteTeam "Guildford 1"]
[BlackTeam "Anglian Avengers"]
[WhiteFideId "400114"]
[BlackFideId "1018779"]
[EventDate "2011.11.12"]

1. e4 e5 2. Nf3 Nc6 3. Bc4 Nf6 4. d3 h6 5. O-O d6 6. c3 g6 7. d4 Nd7 8. Be3 Bg7
9. Qd2 Na5 10. Be2 c5 11. dxc5 dxc5 12. Na3 a6 13. Rfd1 Qe7 14. b4 cxb4 15. cxb4
Nc6 16. Nc4 O-O 17. Bxh6 Rd8 18. Bxg7 Kxg7 19. a3 Nf8 20. Qc3 f6 21. Nb6 Rb8 22.
Nd5 Qe8 23. b5 axb5 24. Bxb5 Bg4 25. Rd3 Rd6 26. Qc5 Qd8 27. a4 Ne6 28. Qa3 Bxf3
29. Rxf3 Ned4 30. Rc3 Rxd5 31. exd5 Qxd5 32. Rb1 Rd8 33. h3 Rd7 34. Kh2 Qe4 35.
Rb2 Qf4+ 36. g3 Qe4 37. Re3 Qd5 38. Bxc6 Qxc6 39. Rc3 Qd5 40. Rb1 Qe4 41. Rbc1
Nc6 42. Re3 Qd5 43. Qb3 Qd6 44. Rcc3 f5 45. Red3 Nd4 46. Qa3 e4 47. Qxd6 Rxd6
48. Rc7+ Kf6 49. Rdc3 Nf3+ 50. Kg2 Ne1+ 51. Kf1 Nf3 52. Rc1 Rd4 53. Rxb7 Rxa4
54. Rb6+ Kg7 55. h4 Ra2 56. h5 Ne5 57. hxg6 Nf3 58. Rc7+ Kh6 59. g7+ Kh5 60. g4+ 1-0

[Event "4NCL 2011-12"]
[Site "Hinckley ENG"]
[Date "2012.01.14"]
[Round "3.26"]
[White "Gregory, Stephen J"]
[Black "Brunner, Nicolas"]
[Result "1/2-1/2"]
[BlackTitle "IM"]
[WhiteElo "2124"]
[BlackElo "2456"]
[WhiteTeam "Anglian Avengers"]
[BlackTeam "Guildford"]
[WhiteFideId "410837"]
[BlackFideId "620246"]
[EventDate "2011.11.12"]

1. e4 c5 2. Nf3 d6 3. d4 cxd4 4. Qxd4 Nc6 5. Bb5 Bd7 6. Bxc6 Bxc6 7. c4 Nf6 8.
Nc3 g6 9. O-O Bg7 10. Re1 O-O 11. Qd3 h6 12. Rb1 a5 13. b3 Nd7 14. Bb2 Rb8 15.
Qd2 Nc5 1/2-1/2

[Event "4NCL 2011-12"]
[Site "Hinckley ENG"]
[Date "2012.01.14"]
[Round "3.27"]
[White "Plaskett, H James"]
[Black "Merry, Alan B"]
[Result "1-0"]
[WhiteTitle "GM"]
[WhiteElo "2480"]
[BlackElo "2100"]
[WhiteTeam "Guildford 1"]
[BlackTeam "Anglian Avengers"]
[WhiteFideId "400238"]
[BlackFideId "418811"]
[EventDate "2011.11.12"]

1. e4 c5 2. b3 g6 3. Bb2 Nf6 4. e5 Nd5 5. e6 f6 6. exd7+ Qxd7 7. Nc3 Nc7 8. Ne4
Qc6 9. Qe2 Ne6 10. Nf3 Bh6 11. g3 O-O 12. Bg2 Qd7 13. h4 Nc6 14. h5 g5 15. O-O-O
a5 16. Rhe1 a4 17. Bh3 f5 18. Qc4 b5 19. Qxb5 fxe4 20. Rxe4 Qd5 21. Qe2 Ned4 22.
Nxd4 cxd4 23. Bg2 d3 24. Qe3 Qd6 25. Rc4 Bd7 26. Re1 dxc2 27. Bxc6 Bxc6 28. Qc3
Bd5 29. Qh8+ Kf7 30. Qxh7+ Ke8 31. Rd4 axb3 32. Rxd5 Qc7 33. Rde5 Rf7 34. Qxh6
bxa2 35. Qh8+ Rf8 36. Rxe7+ Qxe7 37. Rxe7+ Kxe7 38. Qe5+ Kd7 39. Qd5+ Ke7 40.
Ba3+ Rxa3 41. Qc5+ Kf7 42. Qxa3 Kg7 43. Qb2+ Kf7 44. Qxa2+ Kg7 45. Qb2+ Kh6 46.
Qb4 Kxh5 47. Qc5 Kg4 1-0

[Event "4NCL 2011-12"]
[Site "Hinckley ENG"]
[Date "2012.01.14"]
[Round "3.28"]
[White "Smith, Olivia"]
[Black "Plat, Vojtech"]
[Result "0-1"]
[WhiteTitle "WFM"]
[BlackTitle "IM"]
[WhiteElo "2010"]
[BlackElo "2425"]
[WhiteTeam "Anglian Avengers"]
[BlackTeam "Guildford 1"]
[WhiteFideId "411850"]
[BlackFideId "325740"]
[EventDate "2011.11.12"]

1. Nf3 Nf6 2. g3 e6 3. Bg2 c5 4. d3 d5 5. O-O Be7 6. Nbd2 O-O 7. e4 Nc6 8. Re1
dxe4 9. dxe4 e5 10. Qe2 b6 11. c3 Qc7 12. Nf1 a5 13. Bg5 Ba6 14. Qc2 Rad8 15.
Rad1 Rxd1 16. Rxd1 Rd8 17. Bxf6 Bxf6 18. Ne3 Rxd1+ 19. Qxd1 Ne7 20. Ng4 Bc4 21.
Ngxe5 Bxe5 22. Nxe5 Bxa2 23. Qa4 h6 24. Qe8+ Kh7 25. Nxf7 Ng6 26. Nd8 Qd6 27.
Qa4 Bg8 28. Nc6 Qd2 29. Qa1 Qd7 30. e5 Bd5 31. Bxd5 Qxd5 32. Qa4 c4 33. Nd4 Nxe5
34. Qc2+ Nd3 35. f4 Qe4 36. Qd2 a4 37. f5 Qe1+ 38. Qxe1 Nxe1 39. Kf2 Nd3+ 40.
Ke3 Nxb2 41. Nb5 Kg8 42. Kd4 Kf7 43. g4 Kf6 44. h3 h5 45. Kd5 hxg4 46. hxg4 Kg5
47. Ke4 Kxg4 48. Na3 Kg5 49. Ke5 Nd1 50. Kd4 Kxf5 51. Nxc4 g5 52. Kd3 Nb2+ 53.
Nxb2 a3 54. Nc4 a2 55. Ne3+ Kf4 56. Nc2 Kf3 57. Kd2 Kf2 58. Kc1 g4 59. Kb2 g3
60. Nb4 g2 61. Nd3+ Ke3 0-1

[Event "4NCL 2011-12"]
[Site "Hinckley ENG"]
[Date "2012.01.14"]
[Round "3.31"]
[White "Cobb, James"]
[Black "Slavin, Alexei"]
[Result "0-1"]
[WhiteTitle "IM"]
[BlackTitle "IM"]
[WhiteElo "2411"]
[BlackElo "2400"]
[WhiteTeam "Bristol"]
[BlackTeam "e2e4.org.uk"]
[WhiteFideId "1800949"]
[BlackFideId "24104388"]
[EventDate "2011.11.12"]

1. d4 Nf6 2. c4 e6 3. Nc3 Bb4 4. e3 d5 5. Nf3 O-O 6. Bd3 b6 7. O-O Bb7 8. cxd5
exd5 9. Ne2 Ne4 10. b3 Nd7 11. Bb2 Qe7 12. Ng3 f5 13. Qe2 Bd6 14. Ba6 Bxa6 15.
Qxa6 Nxg3 16. hxg3 Nf6 17. Qb7 Rad8 18. a4 Kh8 19. Ne5 Ng4 20. Nxg4 fxg4 21.
Qxd5 Bxg3 22. Qh5 Bxf2+ 23. Kh1 g3 24. Ba3 c5 25. dxc5 Rd5 26. Qh3 Qf7 0-1

[Event "4NCL 2011-12"]
[Site "Hinckley ENG"]
[Date "2012.01.14"]
[Round "3.32"]
[White "Ghasi, Ameet K"]
[Black "Beaumont, Chris R"]
[Result "1-0"]
[WhiteTitle "FM"]
[BlackTitle "IM"]
[WhiteElo "2400"]
[BlackElo "2279"]
[WhiteTeam "e2e4.org.uk"]
[BlackTeam "Bristol"]
[WhiteFideId "409200"]
[BlackFideId "400424"]
[EventDate "2011.11.12"]

1. Nf3 g6 2. d4 Nf6 3. g3 Bg7 4. Bg2 d5 5. O-O c6 6. b3 O-O 7. Bb2 Bf5 8. Nh4
Be6 9. e3 a5 10. Nc3 b5 11. a4 b4 12. Ne2 Na6 13. h3 Rc8 14. c3 Ne4 15. c4 Nc3
16. Bxc3 bxc3 17. c5 Rb8 18. Rc1 Qc8 19. Kh2 Bf6 20. Rxc3 Bxh4 21. gxh4 Bf5 22.
Ng3 Rb4 23. Qe2 Nc7 24. h5 Qd7 25. Qd2 Rfb8 26. f3 Ne8 27. Rd1 Rxb3 28. Rxb3
Rxb3 29. e4 dxe4 30. fxe4 Qc7 31. Qf2 gxh5 32. Qxf5 Qxg3+ 33. Kh1 Qg6 34. Qc8
Kf8 35. e5 Qe6 36. Qxc6 1-0

[Event "4NCL 2011-12"]
[Site "Hinckley ENG"]
[Date "2012.01.14"]
[Round "3.33"]
[White "Buckley, David E"]
[Black "Fernandez, Daniel Howard"]
[Result "1-0"]
[BlackTitle "IM"]
[WhiteElo "2245"]
[BlackElo "2344"]
[WhiteTeam "Bristol"]
[BlackTeam "e2e4.org.uk"]
[WhiteFideId "407437"]
[BlackFideId "5801605"]
[EventDate "2011.11.12"]

1. d4 Nf6 2. c4 g6 3. Nc3 d5 4. Nf3 Bg7 5. Qb3 dxc4 6. Qxc4 O-O 7. e4 c6 8. Be2
b5 9. Qb3 a5 10. Qc2 a4 11. O-O b4 12. Nxa4 Nxe4 13. Qxe4 Rxa4 14. Bc4 Bf5 15.
Qh4 Nd7 16. Bg5 Nf6 17. Rac1 Ra7 18. Rfe1 Rc7 19. Bb3 Qa8 20. d5 Nxd5 21. Bxd5
Bxb2 22. Bb3 Bxc1 23. Bxc1 c5 24. Bh6 Qa6 25. Bxf8 Kxf8 26. Qh6+ Ke8 27. Qxh7
Qf6 28. Ba4+ Kf8 29. Rd1 Rc8 30. Qh6+ Kg8 31. Qf4 c4 32. Qe5 Ra8 33. Qxf6 exf6
34. Bb5 Bd3 35. Ne1 Ra5 36. Nxd3 Rxb5 37. Nb2 c3 38. Nc4 Rc5 39. Ne3 Ra5 40. Nc2
Ra4 41. Kf1 f5 42. Ra1 f4 43. Ke2 Kg7 44. f3 Kf6 45. Kd3 Kg5 46. Kc4 Ra8 47.
Kxb4 Rh8 48. Rh1 f5 49. a4 Kh4 50. a5 g5 51. Kxc3 g4 52. Nd4 gxf3 53. Nxf3+ Kg4
54. a6 Rc8+ 55. Kb4 Rb8+ 56. Kc5 Rb2 57. Ra1 Rc2+ 58. Kd5 1-0

[Event "4NCL 2011-12"]
[Site "Hinckley ENG"]
[Date "2012.01.14"]
[Round "3.34"]
[White "Kilpatrick, Callum"]
[Black "Rudd, Jack"]
[Result "0-1"]
[BlackTitle "IM"]
[WhiteElo "2315"]
[BlackElo "2290"]
[WhiteTeam "e2e4.org.uk"]
[BlackTeam "Bristol"]
[WhiteFideId "414425"]
[BlackFideId "405736"]
[EventDate "2011.11.12"]

1. e4 c5 2. Nf3 d6 3. Bc4 Nc6 4. d3 g6 5. O-O Bg7 6. c3 Nf6 7. Bb3 O-O 8. Re1 e5
9. h3 d5 10. Bg5 dxe4 11. Bxf6 Qxf6 12. dxe4 Rd8 13. Qe2 Be6 14. Na3 a6 15. Nc4
Bxc4 16. Qxc4 Bf8 17. Qe2 b5 18. Bd5 Rac8 19. a4 c4 20. axb5 axb5 21. Ra6 Rd6
22. Rd1 Rcd8 23. Rxc6 Rxc6 24. Bxc6 Rxd1+ 25. Qxd1 Qxc6 26. Nxe5 Qxe4 27. Nf3
Bc5 28. Qe1 Qxe1+ 29. Nxe1 f6 30. Kf1 Kf7 31. Ke2 Ke6 32. Nc2 h5 33. Na3 Bxa3
34. bxa3 Ke5 35. Ke3 g5 36. g3 g4 37. hxg4 0-1

[Event "4NCL 2011-12"]
[Site "Hinckley ENG"]
[Date "2012.01.14"]
[Round "3.35"]
[White "Curtis, John E"]
[Black "Longson, Alexander"]
[Result "1/2-1/2"]
[WhiteElo "2116"]
[BlackElo "2281"]
[WhiteTeam "Bristol"]
[BlackTeam "e2e4.org.uk"]
[WhiteFideId "411892"]
[BlackFideId "408093"]
[EventDate "2011.11.12"]

1. d4 d5 2. Nf3 Nf6 3. e3 c5 4. c4 cxd4 5. exd4 Nc6 6. Nc3 e6 7. cxd5 Nxd5 8.
Bd3 Be7 9. O-O O-O 10. Re1 Nxc3 11. bxc3 b6 12. Qe2 Bb7 13. Qe4 g6 14. Qg4 Qd5
15. Bh6 Rfe8 16. h4 Rac8 17. Rab1 f5 18. Qg3 Bd6 19. Qg5 Be7 20. Qg3 Bd6 21. Qg5
Be7 1/2-1/2

[Event "4NCL 2011-12"]
[Site "Hinckley ENG"]
[Date "2012.01.14"]
[Round "3.36"]
[White "Arutyunova, Diana"]
[Black "Stewart, Joseph J"]
[Result "1/2-1/2"]
[WhiteTitle "WGM"]
[WhiteElo "2283"]
[BlackElo "2101"]
[WhiteTeam "e2e4.org.uk"]
[BlackTeam "Bristol"]
[WhiteFideId "14107244"]
[BlackFideId "412333"]
[EventDate "2011.11.12"]

1. e4 c5 2. Nf3 d6 3. d4 cxd4 4. Nxd4 Nf6 5. Nc3 g6 6. Be3 Bg7 7. f3 Nc6 8. Qd2
O-O 9. Bc4 Na5 10. Bb3 a6 11. Bh6 e5 12. Bxg7 Kxg7 13. Nde2 Nxb3 14. axb3 Be6
15. g4 Ne8 16. h4 h6 17. Ng3 Rc8 18. Nd5 Bxd5 19. exd5 Qf6 20. Qd3 Qf4 21. Ne2
Qb4+ 22. Kd1 Nf6 1/2-1/2

[Event "4NCL 2011-12"]
[Site "Hinckley ENG"]
[Date "2012.01.14"]
[Round "3.37"]
[White "Collier, David O"]
[Black "Mladenov, Ilian"]
[Result "0-1"]
[WhiteElo "2138"]
[BlackElo "2221"]
[WhiteTeam "Bristol"]
[BlackTeam "e2e4.org.uk"]
[WhiteFideId "406422"]
[BlackFideId "2906180"]
[EventDate "2011.11.12"]

1. d4 Nf6 2. Bg5 e6 3. Nd2 d6 4. e4 Nbd7 5. Ngf3 h6 6. Be3 g6 7. h3 Bg7 8. Bd3
O-O 9. Qe2 c5 10. O-O cxd4 11. Bxd4 e5 12. Be3 d5 13. c3 Re8 14. Nh2 Qc7 15.
Rac1 a6 16. Ng4 Nxg4 17. hxg4 Nf6 18. f3 dxe4 19. Bxe4 Be6 20. b3 Nd5 21. Bxd5
Bxd5 22. c4 Bc6 23. Qf2 e4 24. f4 Rad8 25. Rfd1 Rd3 26. Nf1 Red8 27. Rxd3 Rxd3
28. Rc2 Qd7 29. Qe2 Bd4 30. Rd2 Bxe3+ 31. Qxe3 Qxg4 32. Qf2 Qd7 33. Rxd3 exd3
34. Qd2 Qg4 35. Ne3 Qxf4 36. Qxd3 Qe4 37. Qd2 h5 38. Nd5 Qe5 39. Nb4 Be4 40. Nd5
Kg7 41. a4 f6 42. Nf4 Bc6 43. b4 Bxa4 44. b5 Qe7 0-1

[Event "4NCL 2011-12"]
[Site "Hinckley ENG"]
[Date "2012.01.14"]
[Round "3.38"]
[White "Sugden, John N"]
[Black "Roberts, Lynda"]
[Result "1/2-1/2"]
[WhiteElo "2180"]
[BlackElo "1960"]
[WhiteTeam "e2e4.org.uk"]
[BlackTeam "Bristol"]
[WhiteFideId "402001"]
[BlackFideId "1800191"]
[EventDate "2011.11.12"]

1. d4 f5 2. g3 g6 3. Bg2 Nf6 4. Nf3 Bg7 5. c4 d6 6. Nc3 c6 7. O-O O-O 8. Rb1 Ne4
9. Nxe4 fxe4 10. Ne1 Bf5 11. Nc2 d5 12. b3 Qd7 13. Be3 Na6 14. Qd2 Bh3 15. f4 h5
16. Bf2 Bh6 17. e3 Rf7 18. Be1 Raf8 19. Bxh3 Qxh3 20. Qg2 Qe6 21. Qe2 Qh3 22.
Bd2 Nc7 23. Bb4 Qd7 24. Kg2 Ra8 25. a4 Bf8 26. h3 e6 27. Bxf8 Raxf8 28. g4 Rh7
29. g5 Ne8 30. c5 Ng7 31. b4 1/2-1/2

[Event "4NCL 2011-12"]
[Site "Hinckley ENG"]
[Date "2012.01.14"]
[Round "3.41"]
[White "Hunt, Harriet V"]
[Black "Piper, Matthew S"]
[Result "0-1"]
[WhiteTitle "IM"]
[WhiteElo "2454"]
[BlackElo "2341"]
[WhiteTeam "Blackthorne Russia"]
[BlackTeam "Barbican 4NCL"]
[WhiteFideId "403512"]
[BlackFideId "401463"]
[EventDate "2011.11.12"]

1. e4 e5 2. Nf3 Nc6 3. Bb5 Nf6 4. O-O Bc5 5. c3 O-O 6. d4 Bb6 7. Qd3 d6 8. Bg5
h6 9. Bh4 Qe7 10. Nbd2 Nb8 11. Rfe1 c6 12. Ba4 Nbd7 13. Nc4 Bc7 14. Bc2 Re8 15.
Ne3 Qf8 16. Nd2 Nh5 17. Bg3 Ndf6 18. a4 a5 19. Nec4 Be6 20. Rad1 Rad8 21. Qe3
Nxg3 22. hxg3 Qe7 23. dxe5 dxe5 24. Qa7 b5 25. Ne3 Ra8 26. Qb7 Rab8 27. Qa7 Ra8
28. Qb7 Rab8 29. Qa6 Qc5 30. axb5 Rxb5 31. Ba4 Bc8 32. Bxb5 Bxa6 33. Bxa6 Qb6
34. Bf1 Qxb2 35. Ndc4 Qxc3 36. Nf5 g6 37. Rc1 Qb4 38. Nh4 Rd8 39. Nf3 Ng4 40.
Re2 a4 41. Rb2 Qc5 42. Rbc2 Qa7 43. Ra1 Kg7 44. Rb2 Rb8 45. Rba2 Bb6 46. Nxb6
Qxb6 47. Nh2 Nxh2 48. Kxh2 Qd4 49. f3 Rb4 50. g4 h5 51. gxh5 gxh5 52. Kg3 Qe3
53. Kh2 Qd4 54. Ba6 c5 55. Be2 Rb2 56. Rxa4 Qf2 57. Bf1 h4 0-1

[Event "4NCL 2011-12"]
[Site "Hinckley ENG"]
[Date "2012.01.14"]
[Round "3.42"]
[White "Morrison, Graham SCO"]
[Black "Ledger, Andrew J"]
[Result "1-0"]
[WhiteTitle "FM"]
[BlackTitle "IM"]
[WhiteElo "2339"]
[BlackElo "2424"]
[WhiteTeam "Barbican 4NCL"]
[BlackTeam "Blackthorne Russia"]
[WhiteFideId "2400090"]
[BlackFideId "400610"]
[EventDate "2011.11.12"]

1. d4 Nf6 2. c4 g6 3. Nc3 d5 4. cxd5 Nxd5 5. e4 Nxc3 6. bxc3 Bg7 7. Bc4 c5 8.
Ne2 O-O 9. O-O Nc6 10. Be3 Bg4 11. f3 Bd7 12. Rb1 Qc7 13. Bf4 Qc8 14. d5 Na5 15.
Bd3 c4 16. Bc2 e5 17. Be3 b6 18. Qd2 Nb7 19. f4 f6 20. f5 Nd6 21. g4 Qe8 22. Ng3
Kf7 23. g5 gxf5 24. exf5 Kg8 25. gxf6 Bxf6 26. Bg5 Kh8 27. Bxf6+ Rxf6 28. Rbe1
Nf7 29. Qe2 Rd8 30. Qg4 Qe7 31. Qxc4 Rc8 32. Qd3 Qc5+ 33. Qe3 Qa5 34. Ne4 Rxf5
35. Rxf5 Bxf5 36. Qf3 Bg6 37. Bb1 Qxd5 38. Qf6+ Kg8 39. Qxg6+ hxg6 40. Nf6+ Kg7
41. Nxd5 Rc5 42. Rd1 Ng5 43. Kf2 Rc4 44. Ne3 Rxc3 45. Rd7+ Kh6 46. Rxa7 Nh3+ 47.
Kf3 Rc1 48. Bc2 Nf4 49. h4 1-0

[Event "4NCL 2011-12"]
[Site "Hinckley ENG"]
[Date "2012.01.14"]
[Round "3.43"]
[White "Bates, Richard A"]
[Black "Dorrington, Chris J"]
[Result "1-0"]
[WhiteTitle "IM"]
[WhiteElo "2386"]
[BlackElo "2307"]
[WhiteTeam "Blackthorne Russia"]
[BlackTeam "Barbican 4NCL 2"]
[WhiteFideId "403555"]
[BlackFideId "410462"]
[EventDate "2011.11.12"]

1. d4 Nf6 2. Nf3 e6 3. c4 d5 4. g3 Be7 5. Bg2 O-O 6. O-O c6 7. Qc2 b6 8. Nbd2
Ba6 9. b3 Nbd7 10. Rd1 Rc8 11. e4 c5 12. exd5 exd5 13. Qf5 Bb7 14. Bb2 dxc4 15.
Nxc4 Be4 16. Qh3 b5 17. Ne3 c4 18. bxc4 bxc4 19. Rac1 Qb6 20. Ba1 Qa6 21. Ne5
Bxg2 22. Qxg2 Nb6 23. d5 Bd6 24. Nf5 Ba3 25. Rc3 Bb4 26. Qf3 Qb5 27. Nh6+ gxh6
28. Qxf6 Nxd5 29. Rxd5 Qxd5 30. Rxc4 Qd1+ 31. Kg2 Be7 32. Qh8+ Kxh8 33. Nxf7+
Kg8 34. Nxh6# 1-0

[Event "4NCL 2011-12"]
[Site "Hinckley ENG"]
[Date "2012.01.14"]
[Round "3.44"]
[White "Berry, Neil"]
[Black "Ansell, Simon T"]
[Result "0-1"]
[WhiteTitle "FM"]
[BlackTitle "IM"]
[WhiteElo "2312"]
[BlackElo "2389"]
[WhiteTeam "Barbican 4NCL 1"]
[BlackTeam "Blackthorne Russia"]
[WhiteFideId "2400650"]
[BlackFideId "402141"]
[EventDate "2011.11.12"]

1. d4 d5 2. c4 c6 3. Nf3 Nf6 4. Nc3 dxc4 5. a4 Bf5 6. e3 e6 7. Bxc4 Bb4 8. O-O
O-O 9. Qe2 Nbd7 10. e4 Bg6 11. Bd3 Bh5 12. e5 Nd5 13. Nxd5 cxd5 14. Qe3 Be7 15.
Bd2 Bg6 16. Bxg6 fxg6 17. Ne1 Nb8 18. Bc3 Nc6 19. a5 a6 20. Nd3 Rc8 21. Qh3 Qd7
22. Qg4 Rf5 23. h4 Na7 24. Rfc1 g5 25. hxg5 Bxg5 26. f4 Be7 27. Bd2 Rc4 28. Be3
Nc6 29. Rxc4 dxc4 30. Nc5 Bxc5 31. dxc5 Qd3 32. Re1 c3 33. bxc3 Qxc3 34. Qe2
Qxa5 35. Rd1 Qa4 36. Rd6 Qb3 37. Qd2 h5 38. Rd3 Qc4 39. Rd7 Qb3 40. Rc7 Rf7 41.
Rc8+ Kh7 42. Qe2 Qb1+ 43. Kh2 Qf5 44. Qd1 Ne7 45. Rb8 Nd5 46. Qf3 a5 47. Bd2 a4
48. Ra8 Nxf4 49. Rxa4 Nd3 50. Qxf5+ Rxf5 51. Bc3 Nxe5 52. Ra5 Nc6 53. Rb5 Rf7
54. Bd2 Kg6 55. Rb6 Kf5 0-1

[Event "4NCL 2011-12"]
[Site "Hinckley ENG"]
[Date "2012.01.14"]
[Round "3.45"]
[White "Eames, Robert S"]
[Black "Chapman, Terry P D"]
[Result "0-1"]
[WhiteTitle "FM"]
[WhiteElo "2241"]
[BlackElo "2253"]
[WhiteTeam "Blackthorne Russia"]
[BlackTeam "Barbican 4NCL 2"]
[WhiteFideId "408743"]
[BlackFideId "413399"]
[EventDate "2011.11.12"]

1. d4 d6 2. c4 e5 3. Nf3 e4 4. Ng5 f5 5. h4 h6 6. Nh3 Qxh4 7. g3 Qf6 8. Nc3 c6
9. Nf4 g5 10. Nh5 Qg6 11. e3 Nd7 12. Be2 g4 13. b4 Ngf6 14. Nf4 Qf7 15. b5 Nb6
16. Qb3 Be6 17. Nxe6 Qxe6 18. a4 c5 19. a5 Nbd7 20. Bb2 Bg7 21. O-O-O Rc8 22.
Kb1 Kf7 23. Bf1 Nf8 24. Nd5 Nxd5 25. cxd5 Qe7 26. Rh5 Kg6 27. Rh4 Nd7 28. Be2
cxd4 29. Bxd4 Bxd4 30. exd4 h5 31. Qe3 Nf6 32. Qb3 Qf7 33. Bc4 Qc7 34. Rc1 Qxa5
35. Rhh1 Rh7 36. Rc2 Qb6 37. Rd1 Rhc7 38. Rdd2 a6 39. bxa6 Qxb3+ 40. Bxb3 bxa6
41. Rxc7 Rxc7 42. Ra2 Rb7 43. Kc2 Rb6 44. Bc4 Kg5 45. Ra5 h4 46. gxh4+ Kxh4 47.
Bxa6 f4 48. Bf1 g3 49. fxg3+ Kxg3 50. Ra3+ Kf2 51. Bc4 f3 52. Ra1 Ng4 53. Rf1+
Kg2 54. Re1 e3 55. Bd3 Rb8 56. Bf5 f2 0-1

[Event "4NCL 2011-12"]
[Site "Hinckley ENG"]
[Date "2012.01.14"]
[Round "3.46"]
[White "Franklin, Samuel G A"]
[Black "Ledger, Dave J"]
[Result "0-1"]
[BlackTitle "FM"]
[WhiteElo "2179"]
[BlackElo "2228"]
[WhiteTeam "Barbican 4NCL 2"]
[BlackTeam "Blackthorne Russia"]
[WhiteFideId "468576"]
[BlackFideId "401986"]
[EventDate "2011.11.12"]

1. e4 e5 2. Nf3 Nc6 3. Bb5 a6 4. Ba4 Nf6 5. O-O b5 6. Bb3 Bb7 7. d3 Bd6 8. c3
O-O 9. Nbd2 h6 10. a3 Re8 11. Nh4 Bc5 12. Ba2 d5 13. exd5 Nxd5 14. Ne4 Bf8 15.
Qg4 Re6 16. f4 exf4 17. Bxf4 Ne5 18. Bxe5 Rxe5 19. Rae1 Qe7 20. Bxd5 Bxd5 21.
Nf6+ Qxf6 22. Rxf6 Rxe1+ 23. Rf1 Re6 24. Qh5 Rd6 25. Nf5 g6 26. Qg4 Be6 27. Qf3
Rd5 28. Ne3 Rxd3 29. Qxa8 Rxe3 30. Rd1 Kg7 31. Qa7 Re2 32. Qxc7 Rxb2 33. Qe5+
Kh7 34. Rf1 Bg7 35. Qc7 Bc4 36. Rd1 Bxc3 37. h4 Re2 38. Rf1 Bd4+ 39. Kh1 Be5 40.
Rxf7+ Kg8 0-1

[Event "4NCL 2011-12"]
[Site "Hinckley ENG"]
[Date "2012.01.14"]
[Round "3.47"]
[White "Ledger, Stephen C"]
[Black "Coleman, David J"]
[Result "0-1"]
[BlackTitle "CM"]
[WhiteElo "2107"]
[BlackElo "2244"]
[WhiteTeam "Blackthorne Russia"]
[BlackTeam "Barbican 4NCL 2"]
[WhiteFideId "404470"]
[BlackFideId "402087"]
[EventDate "2011.11.12"]

1. d4 Nf6 2. Bg5 e6 3. Nf3 Be7 4. e3 b6 5. Nbd2 Bb7 6. Bd3 d6 7. O-O Nbd7 8. c3
Nh5 9. Bxe7 Qxe7 10. Qe2 a5 11. Be4 c6 12. Ne5 dxe5 13. Qxh5 exd4 14. exd4 Nf6
15. Qe5 Nxe4 16. Nxe4 O-O-O 17. Rfe1 h5 18. Qxg7 Rhg8 19. Qf6 Qc7 20. Qe5 c5 21.
Qxc7+ Kxc7 22. dxc5 f5 23. cxb6+ Kxb6 24. Ng3 Rg6 25. Rad1 Rxd1 26. Rxd1 h4 27.
Ne2 Rxg2+ 28. Kf1 Rxh2 29. Rd6+ Kc7 30. Rxe6 Rh1+ 31. Ng1 h3 0-1

[Event "4NCL 2011-12"]
[Site "Hinckley ENG"]
[Date "2012.01.14"]
[Round "3.48"]
[White "Regan, Natasha K"]
[Black "Yurenok, Maria S"]
[Result "1/2-1/2"]
[WhiteTitle "WIM"]
[BlackTitle "WFM"]
[WhiteElo "2096"]
[BlackElo "2106"]
[WhiteTeam "Barbican 4NCL 2"]
[BlackTeam "Blackthorne Russia"]
[WhiteFideId "403067"]
[BlackFideId "409359"]
[EventDate "2011.11.12"]

1. e4 c5 2. c3 Nf6 3. e5 Nd5 4. d4 cxd4 5. Nf3 d6 6. exd6 Qxd6 7. Nxd4 Nc6 8.
Nxc6 bxc6 9. Be2 e6 10. O-O Be7 11. c4 Nf6 12. Bf3 Bb7 13. Nc3 O-O 14. Qc2 Rfd8
15. Be3 Qb4 16. b3 Rd7 17. a3 Qd6 18. Rfd1 Qc7 19. Re1 c5 20. Ne4 Nxe4 21. Bxe4
Bxe4 22. Qxe4 Rad8 23. Qc2 Bd6 24. h3 Bf4 25. Bxf4 Qxf4 26. Qe4 Qf6 27. Qe5 Qe7
28. Re3 1/2-1/2

[Event "4NCL 2011-12"]
[Site "Hinckley ENG"]
[Date "2012.01.14"]
[Round "3.51"]
[White "Wells, Peter K"]
[Black "Mah, Karl C C"]
[Result "1/2-1/2"]
[WhiteTitle "GM"]
[BlackTitle "IM"]
[WhiteElo "2492"]
[BlackElo "2419"]
[WhiteTeam "White Rose"]
[BlackTeam "Cambridge University"]
[WhiteFideId "400327"]
[BlackFideId "404381"]
[EventDate "2011.11.12"]

1. d4 d5 2. c4 c6 3. Nf3 Nf6 4. Nc3 a6 5. a4 e6 6. g3 Bb4 7. Bg2 O-O 8. O-O Nbd7
9. Nd2 a5 10. e4 dxc4 11. Nxc4 b6 12. e5 Nd5 13. Ne4 Ba6 14. b3 b5 15. axb5 cxb5
16. Ncd6 f5 17. Ng5 Qe7 18. Bxd5 exd5 19. Qf3 Nb6 20. Nxf5 Qe8 21. e6 h6 22. Nf7
Qxe6 23. Qg4 Kxf7 24. Qxg7+ Ke8 25. Nxh6 Bc3 26. Bb2 Bd2 27. Bc1 Bc3 28. Bb2 Bd2 1/2-1/2